LEADER 03583 am 22005653u 450 001 9910372754803321 005 20200801025058.0 010 $a3-658-22644-7 024 7 $a10.1007/978-3-658-22644-2 035 $a(CKB)3810000000358835 035 $a(DE-He213)978-3-658-22644-2 035 $a(MiAaPQ)EBC6422845 035 $a(Au-PeEL)EBL6422845 035 $a(OCoLC)1045381539 035 $a(EXLCZ)993810000000358835 100 $a20180625d2018 u| 0 101 0 $ager 135 $aurnn|008mamaa 181 $ctxt$2rdacontent 182 $cc$2rdamedia 183 $acr$2rdacarrier 200 10$aAgential Realism als Basis queer(end)er Experimentalpsychologie$b[electronic resource] $eEine wissenschaftstheoretische Auseinandersetzung /$fvon Julia Scholz 205 $a1st ed. 2018. 210 1$aWiesbaden :$cSpringer Fachmedien Wiesbaden :$cImprint: Springer,$d2018. 215 $a1 online resource (XI, 299 S.) 311 $a3-658-22643-9 327 $aQueer Theory und ihre Anforderungen an Psychologie -- Experimentalpsychologie und die Un-/Vereinbarkeit mit queeren Kritiken -- Agential Realism (AR) als forschungslogische Grundlage einer queer(end)en Experimentalpsychologie (qE) -- Erprobung einer ARqE-Anwendung. . 330 $aZentrale These des Open-Access-Buchs von Julia Scholz ist, dass eine queer(end)e Experimentalpsychologie mit der Herangehensweise des Agential Realism kein Widerspruch in sich ist, obwohl verbreitete Verständnisweisen von Queertheorien und von Experimentalpsychologie(n) dies berechtigterweise zunächst nahelegen. Die Autorin konfrontiert experimentalpsychologische Wissensproduktion mit queertheoretischen Kritiken und diskutiert Unvereinbarkeiten der epistemologischen und ontologischen Perspektiven queertheoretischer Kritik mit jenen aktueller akademischer Experimentalpsychologie des europäisch und US-amerikanisch geprägten Raums. Mit der Zugrundelegung von Barads Agential Realism schlägt sie eine wissenschaftstheoretische Position vor, die eine queerende Experimentalpsychologie erlaubt. Der Inhalt Queer Theory und ihre Anforderungen an Psychologie Experimentalpsychologie und die Un-/Vereinbarkeit mit queeren Kritiken Agential Realism (AR) als forschungslogische Grundlage einer queer(end)en Experimentalpsychologie (qE) Erprobung einer ARqE-Anwendung Die Zielgruppen Dozierende und Studierende aus der Psychologie, den Gender und QueerStudies und der Wissenschaftstheorie Die Autorin Dr. Julia Scholz arbeitet bei der zentralen wissenschaftlichen Einrichtung ?Gender Studies in Köln? an der Universität zu Köln. 606 $aSex (Psychology) 606 $aGender expression 606 $aPsychology?Methodology 606 $aPsychological measurement 606 $aGender Studies$3https://scigraph.springernature.com/ontologies/product-market-codes/Y20090 606 $aPsychological Methods/Evaluation$3https://scigraph.springernature.com/ontologies/product-market-codes/Y20040 608 $aElectronic books. 615 0$aSex (Psychology). 615 0$aGender expression. 615 0$aPsychology?Methodology. 615 0$aPsychological measurement. 615 14$aGender Studies. 615 24$aPsychological Methods/Evaluation. 676 $a155.33 700 $aScholz$b Julia$4aut$4http://id.loc.gov/vocabulary/relators/aut$0979477 801 0$bMiAaPQ 801 1$bMiAaPQ 801 2$bMiAaPQ 906 $aBOOK 912 $a9910372754803321 996 $aAgential Realism als Basis queer(end)er Experimentalpsychologie$92233361 997 $aUNINA